000 00909nam a2200241 i 4500
001 153871
003 ES-MaACL
005 20230906205419.0
008 190121s1960 sp |||| | spa d
100 0 _aStapelfeldt, H.
_9107918
245 1 0 _aFundamentos de la electrotecnia.
_npte. 1.,
_pCorriente continua y electromagnetismo /
_cpor los profesores H. Stapelfeldt y H. Teuchert ; traducción de la cuarta edición alemana por Carlos de Salas.
250 _a3ª ed., reimp.
260 _aBarcelona :
_bLabor,
_c1960.
300 _aXIX, 199 p. ;
_c19 cm.
490 1 _aLa escuela del técnico electricista ;
_v1
650 4 _aCorriente continua.
_9166025
650 4 _aElectromagnetismo.
_912161
700 0 _aTeuchert, Hans.
_9109847
700 1 _aSalas, Carlos.
_9101724
830 0 _aLa escuela del técnico electricista ;
_v1
_9187813
852 _aES-MaACL
_jP-317-1
999 _c153871
_d153871